Mallorca /

Hlavní autor: Schmid, Niklaus, 1942-
Další autoři: Sochorová, Bronislava
Jazyk: Čeština
Vydáno: Praha : Jan Vašut, 2013
Vydání: České vyd. 4., aktualiz.
Edice: Merian live!
Témata:
Fyzický popis: 132 s. : barev. il., mapy, plány ; 19 cm + 1 mapa (36 x 67 cm)
Knihy
Uloženo v:
LEADER 01907nam a2200517 a 4500
001 nkc20132468611
003 CZ PrNK
005 20130917140108.0
007 ta
008 130618s2013 xr abe g f 001 0 cze
015 |a cnb002468611 
020 |a 978-80-7236-853-2  |q (brož.) 
035 |a (OCoLC)855465330 
040 |a OLA001  |b cze 
041 1 |a cze  |h ger 
043 |a e-sp--- 
072 7 |a 913(4)  |x Geografie Evropy, reálie, cestování  |2 Konspekt  |9 7 
080 |a 913(460.32)  |2 MRF 
080 |a (036)913  |2 MRF 
080 |a (084.3)  |2 MRF 
100 1 |a Schmid, Niklaus,  |d 1942-  |7 xx0000643  |4 aut 
245 1 0 |a Mallorca /  |c Niklaus Schmid ; [překlad Bronislava Sochorová] 
250 |a České vyd. 4., aktualiz. 
260 |a Praha :  |b Jan Vašut,  |c 2013 
300 |a 132 s. :  |b barev. il., mapy, plány ;  |c 19 cm +  |e 1 mapa (36 x 67 cm) 
490 1 |a Merian live! ;  |v 35 
500 |a Přeloženo z němčiny 
500 |a Česko-španělský, španělsko-český slovník 
500 |a Chronologický přehled 
500 |a Obsahuje rejstříky 
655 7 |a turistické průvodce  |7 fd133738  |2 czenas 
655 7 |a mapy  |7 fd132800  |2 czenas 
655 9 |a tourist guidebooks  |2 eczenas 
655 9 |a maps  |2 eczenas 
651 7 |a Mallorca (Baleáry : ostrov)  |7 ge129938  |2 czenas 
651 9 |a Mallorca (Spain)  |2 eczenas 
700 1 |a Sochorová, Bronislava  |7 jx20060726008  |4 trl 
765 0 |t Mallorca  |9 Česky 
830 0 |a Merian live!  |0 s 
910 2 |a BOA001  |b 1-1303.869 
990 |a BK 
995 |a 01 
991 |b 201307  |c NOV  |e n 
996 6 |b 2610554018  |c 1-1303.869  |l MZK  |r Sklad / do 1 hodiny  |n 5  |p p.v.  |w 001339946  |u 000010  |a 1  |e BOA001  |j MZK50  |s P 
996 7 |b 2610562638  |c 1-1303.869  |l Vol.výběr  |r VV 1p  |n 2  |p kup  |h 913(4) PRU ŠPA  |w 001339946  |u 000020  |a 0  |e BOA001  |j MZK50  |s A 
996 7 |b 2610562639  |c 1-1303.869  |l Vol.výběr  |r VV 1p  |n 33  |p kup  |h 913(4) PRU ŠPA  |w 001339946  |u 000030  |a 0  |e BOA001  |j MZK50  |s A